000 00462nam a2200169Ia 4500
008 220204s9999 xx 000 0 und d
082 _a577.1
_bMON
100 _aMONTGOMERY, Rex
245 0 _aQuantitative problems in the biochemical sciences
250 _aEd.2
260 _aSan Francisco
_bW.H.Freeman
_c1976
650 _aBiochemical energetics
650 _aRadiochemistry
650 _aSpectrophotometry
700 _aSWENSON, Charles A
942 _cBK
999 _c33633
_d33633